Public management reform <a> comparative analysis - into the age of austerity

Salvato in:
Dettagli Bibliografici
Autore principale: Pollitt, Christopher
Altri autori: Bouckaert, Geert
Natura: Libro
Lingua:inglese
Pubblicazione: Oxford Oxford University Press 2017
Edizione:4th ed.
Soggetti:
Tags: Aggiungi Tag
Nessun Tag, puoi essere il primo ad aggiungerne!!

MARC

LEADER 00000nam a2200000 4500
001 0236957
005 20230109073149.0
020 |a 978-0-19-879518-6 
041 0 |a eng 
044 |a GB 
245 1 0 |a Public management reform  |b <a> comparative analysis - into the age of austerity  |c Christopher Pollitt and Geert Bouckaert 
250 |a 4th ed. 
264 1 |a Oxford  |b Oxford University Press  |c 2017 
300 |a xix, 388 s. 
610 2 0 |a manažment verejnej správy 
610 2 0 |a reformy 
610 2 0 |a správa verejná 
610 2 0 |a sektor verejný 
100 1 |a Pollitt, Christopher 
700 1 |a Bouckaert, Geert